A quel personnage d'anime appartient cet oeil ? - Statistiques

Statistiques générales
  • Ce quiz a été pris 60 fois
  • Le résultat moyen est 7 sur 16
Statistiques - réponses
Par images Réponse % Correct
Hinata Hyuga (Naruto)
91%
Boruto (Boruto)
87%
Akaza (Demon Slayer)
80%
Lelouch (Code Geass)
72%
Satoru Gojo (Jujutsu Kaisen)
72%
Dracule Mihawk (One Piece)
69%
Ai Hoshino (Oshi No Ko)
65%
Elizabeth Liones (Seven Deadly Sins)
65%
Ciel Phantomhive (Black Butler)
24%
King Bradley (Full Metal Alchemist)
24%
Nighteye (My Hero Academia)
24%
Adam (Valkyrie Apocalypse)
15%
Maximilien Pegasus (Yu-Gi-Oh!)
9%
Medusa (Fate)
2%
Nash (Kuroko's Basket)
2%
Gasper Valdi (Highschhol DxD)
0%
Aucun quiz correspondant
Distribution des résultats
% des personnes avec chaque résultat
Percentile par nombre de réponses
Votre historique - résultats
Vous n’avez pas pris ce quiz